Представление документа в формате RUSMARC

ПолеНазваниеЗначение
  Тип записи a
  Библиографический уровень c
001 Контрольный номер RU/ГПНТБ России/KNIGADB/84(2Рос=Рус)/Б 83-440664754
005 Дата корректировки 20221221091225.7
010 Индекс ISBN __
a ISBN 978-5-6044461-3-3
b Уточнения в пер.
9 Тираж 2000 экз.
d Цена 127-90
100 Данные общей обработки __
a Данные общей обработки 20211029d2020 d y0rusy028902 ca
101 Язык документа 0_
a Язык текста rus
102 Страна публикации __
a Страна публикации RU
105 Кодированные данные (монография) __
a Кодированные данные (монография) y z 000ay
181 Поле кодированных данных: вид содержания _0
a Код вида содержания (ISBD) i
182 Поле кодированных данных: тип средства _0
a Код типа средства (ISBD) n
200 Заглавие и сведения об ответственности 1_
a Заглавие Бородино
e Сведения, относящиеся к заглавию стихи
e Сведения, относящиеся к заглавию [сборник]
e Сведения, относящиеся к заглавию для среднего школьного возраста
203 Вид содержания и тип средства __
a Вид содержания Текст
c Тип средства непосредственный
210 Выходные данные 1_
a Место издания Москва
c Издательство Искателькнига
d Дата издания 2020
215 Физическое описание __
a Объем 94, [1] с.
d Формат 21 cм
225 Серия 2_
a Серия Школьная классика
330 Аннотация __
a Аннотация В сборник вошли стихотворения русских поэтов, посвящённые событиям и участникам Отечественной войны, 1812 года и Бородинской битвы, - М. Лермонтова, К. Батюшкова, П. Вяземского, Д. Давыдова, М. Дмитриева, Ф. Глинки, В. Жуковского, М. Милонова, А. Майкова, А. Пушкина, К. Павловой, И. Никитина, М. Хитрово, В. Раевского, К. Рылеева, М. Цветаевой.
333 Примечание о целевом назначении __
a Примечание о целевом назначении 12+. Для детей старше 12 лет
464 Аналитический уровень _0
1 2001
a Бородинская годовщина
f В. А. Жуковский
1 700 1
a Жуковский
b В. А.
g Василий Андреевич
4 070
464 Аналитический уровень _0
1 2001
a Бородинское поле
f Д. В. Давыдов
1 700 1
a Давыдов
b Д. В.
g Денис Васильевич
4 070
464 Аналитический уровень _0
1 2001
a 1812
f Ф. Н. Глинка
1 700 1
a Глинка
b Ф. Н.
g Федор Николаевич
4 070
464 Аналитический уровень _0
1 2001
a К Дашкову
f К. Н. Батюшков
1 700 1
a Батюшков
b К. Н.
g Константин Николаевич
4 070
464 Аналитический уровень _0
1 2001
a Эперне
f П. А. Вяземский
1 700 1
a Вяземский
b П. А.
g Петр Андреевич
4 070
464 Аналитический уровень _0
1 2001
a Партизаны
f К. Ф. Рылеев
1 700 1
a Рылеев
b К. Ф.
g Константин Федорович
4 070
464 Аналитический уровень _0
1 2001
a Полководец
f А. С. Пушкин
1 700 1
a Пушкин
b А. С.
g Александр Сергеевич
4 070
464 Аналитический уровень _0
1 2001
a Два великана
f М. Ю. Лермонтов
1 700 1
a Лермонтов
b М. Ю.
g Михаил Юрьевич
4 070
464 Аналитический уровень _0
1 2001
a Воробьевы горы
f А. Н. Майков
1 700 1
a Майков
b А. Н.
g Аполлон Николаевич
4 070
464 Аналитический уровень _0
1 2001
a Русь
f И. С. Никитин
1 700 1
a Никитин
b И. С.
g Иван Саввич
4 070
464 Аналитический уровень _0
1 2001
a Генералам двенадцатого года
f М. И. Цветаева
1 700 1
a Цветаева
b М. И.
g Марина Ивановна
4 070
606 Тематические рубрики __
a Основная рубрика Художественная литература
2 Код системы nlr_sh
606 Тематические рубрики __
a Основная рубрика Русская литература в целом (произведения)
2 Код системы nlr_sh
610 Ключевые слова 0_
a Ключевые слова русская литература
610 Ключевые слова 0_
a Ключевые слова русская поэзия
610 Ключевые слова 0_
a Ключевые слова русская классическая литература
610 Ключевые слова 0_
a Ключевые слова поэзия
610 Ключевые слова 0_
a Ключевые слова стихи
610 Ключевые слова 0_
a Ключевые слова стихотворения
610 Ключевые слова 0_
a Ключевые слова Бородинская битва
610 Ключевые слова 0_
a Ключевые слова Отечественная война 1812 г.
610 Ключевые слова 0_
a Ключевые слова стихи о войне
610 Ключевые слова 0_
a Ключевые слова тема войны
610 Ключевые слова 0_
a Ключевые слова войны
610 Ключевые слова 0_
a Ключевые слова тема патриотизма
610 Ключевые слова 0_
a Ключевые слова патриотизм
610 Ключевые слова 0_
a Ключевые слова тема героизма
610 Ключевые слова 0_
a Ключевые слова героизм
686 Индексы других классификаций __
2 Код системы rubbks
a Классификационный индекс 84(2=411.2)-5; ст84(2=411.2)-5
801 Источник записи _0
b Организация ГПНТБ России
a Страна RU
c Дата составления 20211029
g Правила каталогизации PSBO
801 Источник записи _1
b Организация ГПНТБ России
a Страна RU
c Дата составления 20211029
g Правила каталогизации PSBO
852 Данные о местонахождении 5_
j Шифр хранения 84(2=411.2)-5
i Авторский знак Б 83
900 Макрообъекты __
a Макрообъекты Бородино, 2020
901 Тип документа __
a Ответственный КиК/Обаева
t Тип документа x
903 Характеристики (МАРС) __
a Дата передачи 20220128
c Наименование библиотеки (МАРС) Муниципальное бюджетное учреждение культуры "Централизованная библиотечная система" г. Сургут (Центральная городская библиотека им. А. С. Пушкина)
969 Тип издания __
a Тип издания издание для детей
a Тип издания издание для подростков
990 Данные о заказе (DOS) __
j Количество экземпляров (DOS) 1
t N записи в КСУ для И/У (DOS) 202202